Highest Points of Each U.S. State - Statistics

General Stats
  • This quiz has been taken 13 times
  • The average score is 14 of 50
Answer Stats
State Answer % Correct
Alaska Denali
89%
Hawaii Mauna Kea
78%
Vermont Mount Mansfield
56%
Washington Mount Rainier
56%
New Hampshire Mount Washington
56%
Florida Britton Hill
44%
Alabama Cheaha Mountain
44%
Colorado Mount Elbert
44%
Oregon Mount Hood
44%
Maine Mount Katahdin
44%
California Mount Whitney
44%
Kentucky Black Mountain
33%
Minnesota Eagle Mountain
33%
Massachusetts Mount Greylock
33%
North Carolina Mount Mitchell
33%
Kansas Mount Sunflower
33%
South Carolina Sassafras Mountain
33%
Mississippi Woodall Mountain
33%
South Dakota Black Elk Peak
22%
Oklahoma Black Mesa
22%
Idaho Borah Peak
22%
Nevada Boundary Peak
22%
Georgia Brasstown Bald
22%
Ohio Campbell Hill
22%
Illinois Charles Mound
22%
Louisiana Driskill Mountain
22%
Deleware Ebright Azimuth
22%
Wyoming Gannett Peak
22%
Montana Granite Peak
22%
Texas Guadalupe Peak
22%
Iowa Hawkeye Point
22%
New Jersey High Point
22%
Indiana Hoosier Hill
22%
Rhode Island Jerimoth Hill
22%
Utah Kings Peak
22%
Pennsylvania Mount Davis
22%
New York Mount Marcy
22%
Virginia Mount Rogers
22%
Nebraska Panorama Point
22%
West Virginia Spruce Knob
22%
Missouri Taum Sauk Mountain
22%
North Dakota White Butte
22%
Maryland Backbone Mountain
11%
Tennessee Clingmans Dome
11%
Connecticut Mount Frissell
11%
Arkansas Mount Magazine
11%
Wisconsin Timms Hill
11%
New Mexico Wheeler Peak
11%
Arizona Humphreys Park
0%
Michigan Mount Arvon
0%
No matching quizzes found
Score Distribution
Percent of People with Each Score
Percentile by Number Answered
Your Score History
You have not taken this quiz